LEADER 03836nam 2200613Ia 450 001 9910462535403321 005 20211203025821.0 010 $a3-11-087820-8 024 7 $a10.1515/9783110878202 035 $a(CKB)2670000000251139 035 $a(SSID)ssj0000752233 035 $a(PQKBManifestationID)11494459 035 $a(PQKBTitleCode)TC0000752233 035 $a(PQKBWorkID)10789690 035 $a(PQKB)11071152 035 $a(MiAaPQ)EBC3042093 035 $a(DE-B1597)55247 035 $a(OCoLC)979628270 035 $a(DE-B1597)9783110878202 035 $a(Au-PeEL)EBL3042093 035 $a(CaPaEBR)ebr10598069 035 $a(OCoLC)922945140 035 $a(EXLCZ)992670000000251139 100 $a19920803d1992 uy 0 101 0 $aeng 135 $aurcn||||||||| 181 $ctxt 182 $cc 183 $acr 200 00$aNew directions in English language corpora$b[electronic resource] $emethodology, results, software developments /$fedited by Gerhard Leitner 205 $aReprint 2011 210 $aBerlin ;$aNew York $cMouton de Gruyter$d1992 215 $aix, 368 p. $cill 225 0 $aTopics in English Linguistics [TiEL] ;$v9 300 $aBibliographic Level Mode of Issuance: Monograph 311 0 $a3-11-013201-X 320 $aIncludes bibliographical references and index. 327 $tFront matter --$tPreface --$tContents --$tPart I. Corpus design and text encoding --$tThe optimum corpus sample size? /$rde Haan, Pieter --$tCorpus sampling /$rClear, Jeremy --$tInternational Corpus of English: Corpus design - problems and suggested solutions /$rLeitner, Gerhard --$tThe Northern Ireland Transcribed Corpus of Speech /$rKirk, John M. --$tProblems in the compilation of a corpus of standard Caribbean English: A pilot study /$rMair, Christian --$tThe Text Encoding Initiative: A progress report /$rBurnard, Lou --$tPart II. Automated syntactic and semantic text analysis --$tPinpointing problematic tagging decisions /$rBelmore, Nancy --$tInferences and lexical relations /$rMeijs, Willem --$tDeveloping a scheme for annotating text to show anaphoric relations /$rFligelstone, Steve --$tInformation retrieval and corpora /$rSutton, Stephen / McEnery, Anthony --$tPart III. Corpora in language description --$tRelative infinitives in spoken and written English /$rGeisler, Christer --$tWho(m)? Case marking of wh-pronouns in written British and American English /$rSchneider, Edgar W. --$tDiscourse category and text type classification: Procedural discourse in the Brown and the LOB corpora /$rWikberg, Kay --$tOpaque and transparent features of Indian English /$rShastri, S. V. --$tComputer analysis of spelling variants in Chaucer's Canterbury Tales /$rBarnbrook, Geoff --$tPitch contours and tones in the Lancaster/IBM spoken English corpus /$rKnowles, Gerry --$tWhat do you think of that: A pilot study of the phraseology of the core words of English /$rRenouf, Antoinette --$tSequences of spatial and temporal adverbials in spoken and written English /$rHasselgård, Hilde --$tGrammatical or nativelike? /$rKjellmer, Göran --$tCollocation and bilingual text /$rNoël, Jacques --$tKey Word Index --$tBack matter 606 $aEnglish language$xResearch$xData processing 606 $aEnglish language$xDiscourse analysis$xData processing 606 $aComputational linguistics 608 $aElectronic books. 615 0$aEnglish language$xResearch$xData processing. 615 0$aEnglish language$xDiscourse analysis$xData processing. 615 0$aComputational linguistics. 676 $a420.285 701 $aLeitner$b Gerhard$0261972 801 0$bMiAaPQ 801 1$bMiAaPQ 801 2$bMiAaPQ 906 $aBOOK 912 $a9910462535403321 996 $aNew directions in English language corpora$92477142 997 $aUNINA LEADER 02964nam 2200721Ia 450 001 9910778161803321 005 20230829000147.0 010 $a0-674-26642-0 010 $a0-674-04198-4 024 7 $a10.4159/9780674041981 035 $a(CKB)1000000000787010 035 $a(OCoLC)438766197 035 $a(CaPaEBR)ebrary10318389 035 $a(SSID)ssj0000121434 035 $a(PQKBManifestationID)11141083 035 $a(PQKBTitleCode)TC0000121434 035 $a(PQKBWorkID)10110249 035 $a(PQKB)11180602 035 $a(DE-B1597)457730 035 $a(OCoLC)1013937679 035 $a(OCoLC)1029818405 035 $a(OCoLC)1032680782 035 $a(OCoLC)1037979408 035 $a(OCoLC)1041989510 035 $a(OCoLC)1046605277 035 $a(OCoLC)1047014725 035 $a(OCoLC)979910029 035 $a(DE-B1597)9780674041981 035 $a(Au-PeEL)EBL3300397 035 $a(CaPaEBR)ebr10318389 035 $a(OCoLC)842279064 035 $a(MiAaPQ)EBC3300397 035 $a(EXLCZ)991000000000787010 100 $a20050906d2006 uy 0 101 0 $aeng 135 $aurcn||||||||| 181 $ctxt 182 $cc 183 $acr 200 10$aChina's trapped transition$b[electronic resource] $ethe limits of developmental autocracy /$fMinxin Pei 210 $aCambridge, MA $cHarvard University Press$d2006 215 $a1 online resource (307 p.) 300 $aBibliographic Level Mode of Issuance: Monograph 311 $a0-674-02195-9 311 $a0-674-02754-X 320 $aIncludes bibliographical references (p. 223-278) and index. 327 $tFrontmatter -- $tContents -- $tAbbreviations -- $tIntroduction -- $tONE. Why Transitions Get Trapped: A Theoretical Framework -- $tTWO. Democratizing China? -- $tTHREE. Rent Protection and Dissipation: The Dark Side of Gradualism -- $tFOUR. Transforming the State: From Developmental to Predatory -- $tFIVE. China's Mounting Governance Deficits -- $tConclusion -- $tAppendix. Notes. Acknowledgments. Index -- $tAppendix: Reported Cases of Local Mafia States -- $tNotes -- $tAcknowledgments -- $tIndex 330 $aIn a book sure to provoke debate, Minxin Pei examines the sustainability of the Chinese Communist Party's reform strategy--pursuing pro-market economic policies under one-party rule. Combining powerful insights with empirical research, China's Trapped Transitio offers a provocative assessment of China's future as a great power. 606 $aDemocracy$zChina 607 $aChina$xPolitics and government$y1976-2002 607 $aChina$xEconomic policy$y1976-2000 607 $aChina$xEconomic policy$y2000- 615 0$aDemocracy 676 $a338.951 686 $aMH 50086$2rvk 700 $aPei$b Minxin$0501218 801 0$bMiAaPQ 801 1$bMiAaPQ 801 2$bMiAaPQ 906 $aBOOK 912 $a9910778161803321 996 $aChina's trapped transition$9723421 997 $aUNINA